शारीरिक शिक्षा में तत्व (Record no. 7131)

MARC details
000 -LEADER
fixed length control field 01512 a2200253 4500
005 - DATE AND TIME OF LATEST TRANSACTION
control field 20181127164328.0
010 ## - LCCN (DPL NO)
LC control number HIN-80828, B-239414
020 ## - INTERNATIONAL STANDARD BOOK NUMBER
International Standard Book Number 8189102419
Terms of availability 250.00
035 ## - SYSTEM CONTROL NUMBER
System control number HN-53174
035 ## - SYSTEM CONTROL NUMBER
System control number B-317878 , B-239414, B-239415 B-239412
037 ## - SOURCE OF ACQUISITION
Source of stock number/acquisition D.B.Act / ven
082 ## - DEWEY DECIMAL CLASSIFICATION NUMBER
Classification number 796.01
245 ## - TITLE STATEMENT
Title शारीरिक शिक्षा में तत्व
Statement of responsibility, etc संपादक शरद चन्द्र मिश्रा;संकलनकर्ता चारू सपरा
246 ## - VARYING FORM OF TITLE
Title proper/short title Sharirik shiksha mein tatava
Remainder of title edited by Sharad Mishra ; compiled by Charu Sapara
260 ## - PUBLICATION, DISTRIBUTION, ETC. (IMPRINT)
Place of publication, distribution, etc दिल्ली
Name of publisher, distributor, etc प्रेरणा प्रकाशन
Date of publication, distribution, etc 2006
260 ## - PUBLICATION, DISTRIBUTION, ETC. (IMPRINT)
Place of publication, distribution, etc नई दिल्ली
Name of publisher, distributor, etc न्यू सैंचुरी पब्लिकेशन्स(वितरक)
270 ## - ADDRESS
Address सी-13,रोज अपार्टमेंट,प्लाट नं.डी-5, सैक्टर-14 एक्सटेंशन, रोहिणी
City दिल्ली
Postal code 110085
Telephone number (O) 65749511, 66326118 (R) 27562163
Fax number 23268760
Electronic mail address lakshaythani@hotmail.com
270 ## - ADDRESS
Address 4800/24,भरत राम रोड. अंसारी रोड, दरियागंज
300 ## - PHYSICAL DESCRIPTION
Extent 160पृ
Dimensions 22 सेमी(सजिल्द)
700 ## - ADDED ENTRY--PERSONAL NAME
Personal name मिश्रा, शरद चन्द्र
700 ## - ADDED ENTRY--PERSONAL NAME
Personal name सपरा, चारू
942 ## - ADDED ENTRY ELEMENTS (KOHA)
Institution code [OBSOLETE] dpl
Item type Hindi Books
Call number prefix 796.01 / शारीरि
Source of classification or shelving scheme Dewey Decimal Classification
Classification part 796.01
Call number suffix शारीरि
Holdings
Withdrawn status Lost status Not for loan Home library Current library Date acquired Cost, normal purchase price Full call number Barcode Copy number Cost, replacement price Koha item type Collection code Source of acquisition
      D.B.Act.Division D.B.Act.Division 15/09/2008 250.00 796.01 शारीरि HN-53174 1 250.00 Hindi Books    
      R.C.Libraries (zls) R.C.Libraries (zls) 03/11/2018 250.00 796.01 शारीरि B-239415   250.00 Hindi Books Non-fiction  
      R.C.Libraries (zls) R.C.Libraries (zls) 24/11/2018 250.00 796.01 शारीरि B-239412   250.00 Hindi Books Non-fiction  
      R.C.Libraries (zls) R.C.Libraries (zls) 27/11/2018 250.00 796.01 शारीरि B-239414 1. 250.00 Hindi Books Non-fiction  
      Vinoba Puri Vinoba Puri 12/03/2009 250.00 796.01 शारीरि B-317878 1 250.00 Hindi Books Non-fiction dbad / dup
      Yojana Vihar Yojana Vihar 11/10/2019 250.00 796.01 शारीरि B-239405   250.00 Hindi Books Non-fiction BPPD/PUB

© Delhi Public Library
Hit Counter
free hit counter